000 00556nam a2200229Ia 4500
003 OSt
005 20221005115542.0
006 a|||||r|||| 00| 0
007 ta
008 221004b |||||||| |||| 00| 0 tam d
024 _a52073
037 _cTextual
040 _aCRL
_cCRL
_btam
041 _2tam
_atam
082 _aQ23w2:g, 31J6
100 _aJagannathan Au.
_9229521
245 0 _aChilambadi
260 _c1956
650 _aRELIGION
942 _hQ23w2:g, 31J6
_cTEXL
_2cc
999 _c1035167
_d1035167